000 00526nam a2200193 a 4500
005 20140310183439.0
008 080228s19uu xx 00 eng d
020 _a1841122262
050 _aHD 38.7
_b.Un56 2002
100 _aUnderwood, Jim
245 _aCompetitive intelligence. /
_cJim Underwood
260 _aUnited Kingdom :
_bCapstone Publishing,
_c2002.
300 _a118 p. :
_c18 cm.
521 _aBSBA
650 _aBusiness intelligence.
650 _aCompetition.
942 _cBK
_2lcc
_kFOR
999 _c23009
_d23009